Stade de Reims - Tous les joueurs (2010-2020) - Statistiques

Statistiques générales
  • Ce quiz a été pris 40 fois
  • Le résultat moyen est 25 sur 119
Statistiques - réponses
Saisons Nationalité Joueur Nb de matchs % Correct
2017-2020 Maroc Yunis Abdelhamid 101
76%
2011-2015 Guinée-Bissau Bocundji Ca 78
71%
2012-2018 Brésil Diego Rigonato 156
71%
2010-2016 France Mickaël Tacalfred 174
65%
2018-2020 Belgique Thomas Foket 59
65%
2018-2020 Sénégal Boulaye Dia 42
62%
2010-2016 Algérie Aïssa Mandi 160
59%
2010-2017 France Anthony Weber 188
59%
2016-2019 Argentine Pablo Chavarria 89
59%
2010-2011, 2012-2014 Pologne Grzegorz Krychowiak 105
56%
2018-2020 Kosovo Arbër Zeneli 16
53%
2016-2019 Sénégal Edouard Mendy 80
53%
2010-2016 Togo Kossi Agassa 153
53%
2019-2020 Zimbabwe Marshall Munetsi 17
53%
2017-2020 France Mathieu Cafaro 48
53%
2014-2018 Etats-Unis Jordan Siebatcheu 69
50%
2019-2020 Serbie Predrag Rajkovic 27
50%
2012-2016 Haïti Johny Placide 49
47%
2016-2020 France Rémi Oudin 103
47%
2012-2016 France Franck Signorino 102
41%
2010-2017 Cap-Vert Odaïr Fortes 170
41%
2018-2020 Corée du Sud Suk Hyun-jun 35
41%
2012-2018 France Antoine Devaux 145
38%
2013-2017 France Gaëtan Charbonnier 103
38%
2017-2020 France Xavier Chavalerin 95
38%
2018-2020 Togo Alaixys Romao 61
32%
2018-2020 Côte d'Ivoire Ghislain Konan 36
32%
2015-2017 Mali Hamari Traoré 64
32%
2013-2016 Congo Prince Oniangué 94
32%
2010-2012 France Cédric Fauré 65
29%
2019-2020 Mali El Bilal Touré 7
29%
2015-2018 France Johann Carrasso 42
29%
2012-2016 France Nicolas de Préville 103
29%
2018-2019 Belgique Björn Engels 33
26%
2015-2020 Côte d'Ivoire Hassane Kamara 64
26%
2014-2015 Cameroun Benjamin Moukandjo 31
24%
2010-2014 France Gaëtan Courtet 104
24%
2014-2019 France Grejohn Kyei 75
24%
2015-2017 Géorgie Jaba Kankava 47
24%
2013-2015 Danemark Mads Albaek 39
24%
2018-2020 Guinée-Bissau Moreto Cassama 8
24%
2018-2020 Mali Moussa Doumbia 54
24%
2019-2020 Grèce Anastasios Donis 15
21%
2013-2014, 2015-2017 Turquie Atila Turan 41
21%
2019-2020 Autriche Dario Maresic 1
21%
2012-2016 Mali Mohamed Fofana 48
21%
2011-2017 France Alexi Peuget 37
18%
2013-2017 Guinée Antoine Conte 58
18%
2016-2020 France Axel Disasi 45
18%
2010-2015 France Christopher Glombard 124
18%
2016-2018 Cap-Vert Danilson 64
18%
2014-2016 France David Ngog 44
18%
2011-2014 Togo Floyd Ayité 73
18%
2010-2013 France Johan Liébus 22
18%
2011-2014 Algérie Kamel Ghilas 49
18%
2010-2012 France Matthieu Fontaine 25
18%
2016-2018, 2019-2020 France Nicolas Lemaître 5
18%
2018-2019 Angleterre Sheyi Ojo 15
18%
2015-2016 Congo Thievy Bifouma 14
18%
2018-2019 Madagascar Thomas Fontaine 7
18%
2013-2015 Israël Eliran Atar 23
15%
2010-2014 France Florent Ghisolfi 48
15%
2015-2016 Gabon Frédéric Bulot 16
15%
2014-2016 France Grégory Bourillon 21
15%
2016-2018 France Julien Jeanvier 62
15%
2019-2020 Pays-Bas Kaj Sierhuis 1
15%
2019-2020 RD Congo Nathanaël Mbuku 11
15%
2010-2012 France Romain Amalfitano 58
15%
2016-2019 Madagascar Romain Métanire 59
15%
2016-2018 France Samuel Bouhours 40
15%
2015-2019 France Aly Ndom 64
12%
2011-2012 France Clément Tainmont 32
12%
2011-2013 Maroc Khalid Sekkat 20
12%
2010-2012 France Lucas Deaux 62
12%
2017-2019 France Marvin Martin 29
12%
2019-2020 France Sambou Sissoko 3
12%
2018-2020 France Tristan Dingomé 36
12%
2015-2016 Maroc Abdelhamid El Kaoutari 8
9%
2019-2020 Suisse Dereck Kutesa 14
9%
2010-2013 France Johann Ramaré 47
9%
2014-2016 RD Congo Omenuke Mfulu 20
9%
2011-2012 France Quentin Pereira 6
9%
2017-2019 Guinée Equatoriale Anatole Ngamukol 26
6%
2018-2019 Ghana Baba Rahman 11
6%
2011-2013 France Bilal Ouali 4
6%
2016-2018 France Grégory Berthier 37
6%
2015-2017 France Hugo Rodriguez 29
6%
2016-2017 Sénégal Ibrahima Baldé 21
6%
2015-2016 Guinée Lass Bangoura 10
6%
2016-2018 France Lenny Vallier 2
6%
2010-2011 Congo Lucien Aubey 13
6%
2012-2013 France Nicolas Fauvergue 23
6%
2017-2019 RD Congo Nolan Mbemba 24
6%
2014-2015 France Sacha Bastien 1
6%
2018-2019 France Virgile Pinson 1
6%
2010-2011 France Alexandre Barbier 28
3%
2016-2017 France Andrew Jung 3
3%
2011-2012 France Cédric Collet 9
3%
2014-2015 RD Congo Chris Mavinga 9
3%
2015-2016 France Edwin Maanane 1
3%
2010-2011 France Frédéric Biancalani 19
3%
2017-2018 France Hendrick Cakin 1
3%
2011-2012 Algérie Idriss Saâdi 10
3%
2010-2012 France Joachim Ichane 21
3%
2010-2012 Côte d'Ivoire Jonathan Kodjia 7
3%
2011-2012 Centrafrique Josué Balamandji 1
3%
2010-2011, 2012-2013 France Julien Toudic 44
3%
2017-2018 France Steve Shamal 1
3%
2019-2020 France Timothé Nkada 8
3%
2010-2011 France Vincent Gragnic 11
3%
2017-2019 France Virgile Piechocki 4
3%
2014-2015 France Cyriack Garel 1
0%
2016-2017 France Grégoire Amiot 12
0%
2010-2011 France Jérémy Manzorro 2
0%
2010-2011 France Ludovic Gamboa 15
0%
2010-2011 France Maxime Thonnel 2
0%
2012-2013 Sénégal Pape Souaré 23
0%
2010-2011 France Thomas Gamiette 32
0%
2014-2015 France Valentin Roberge 11
0%
Aucun quiz correspondant
Distribution des résultats
% des personnes avec chaque résultat
Percentile par nombre de réponses
Votre historique - résultats
Vous n’avez pas pris ce quiz